All answers start with "C" - Statistics

General Stats
  • This quiz has been taken 41 times
  • The average score is 41 of 61
Answer Stats
Hint Answer % Correct
A vehicle you'd find on the road. Car
100%
To slash at. If you're cooking, you'll probably use a knife to ____ your vegetables or meat. Cut
97%
To sleep outside in a tent. Camp
95%
Eats meat. Carnivore
95%
US city. "The Windy City" Chicago
92%
Rihanna's ex, Musician,____ Brown. Chris
92%
Not dirty. Clean
92%
A relatively large US state on the west coast. California
89%
Led the UK into World War Two. Prime Minister of the United Kingdom from May 1940 to May 1945. Churchill
89%
It's lucky to find one of these with four leaves. Clover
89%
To be deliberately unkind. Cruel
89%
_______ de Gaulle, he led the Free French Forces resistance group against the Nazis. Charles
87%
If you come out as gay, it's said you came out of the ____. Closet
87%
A murder mystery game for three to six players (depending on editions) that was devised in 1943 by British board game designer Anthony E. Pratt. Clue
87%
You'd find in the desert, said to have water inside. Spikey. Cactus
84%
Before adulthood Childhood
84%
Patch Adams was one of these. Wears make-up. Makes people laugh. Clown
82%
A small US state on the east coast. Connecticut
82%
If you dropped an egg on the floor, it will _____. Crack
82%
The antagonist in 101 Dalmations. Cruella
82%
Adorable, pretty. Cute
82%
Also known as Octavian. Founder of the Roman Empire. Assassinated by about 40 Roman senators on the "ides of March" (March 15) 44 B.C.E. Caesar
79%
If you can do this with complicated sums in your head, you're said to be smart. Calculate
79%
To bring something into existence. Create
79%
Military alphabet, Alpha, Bravo _____, Delta, Echo. Charlie
76%
Cirrus, cumulus, and stratus, are types of these. Cloud
76%
The former name of the city now known as Kolkata, the capital of the Indian state of West Bengal, and was the capital of British India from 1772 to 1911. Calcutta
74%
A vegetable like a lettuce. Cabbage
71%
The nickname of James Earl Carter III, son of former U.S. 39th President Jimmy Carter. Chip
71%
Not hot. Cool
71%
A group with unusual or extreme religious, spiritual, or philosophical beliefs and rituals, characterized by intense devotion to a person, object, or goal, and potentially harmful practices. Cult
71%
Our closest living relative. Chimpanzee
68%
Someone who manages, administers, or organizes a collection, often within a museum, library, art gallery, or similar institution, responsible for acquiring, caring for, and developing collections, as well as organizing exhibitions Curator
68%
A vegetable with a mass of tightly packed flower heads (curds) that grow from a thick central stem, forming a single, round head. Cauliflower
66%
Mastication. Chew
66%
A baked sweet snack, usually round. Cookie
66%
A rich, deep red color, inclining to purple. Crimson
66%
Empress of Russia from 1762 to 1796. She came to power after overthrowing her husband, Peter III. Catherine
63%
A large breed of cat, a Maine _____. Coon
63%
Country that holds the third-largest proven oil reserves globally, estimated at 171 billion barrels - its oil reserves can only be surpassed by Venezuela and Saudi Arabia. Canada
61%
A company of performers who put on diverse entertainment shows. Circus
61%
Smart, intelligent. Clever
61%
A mountainous region spanning eastern Europe and western Asia, situated between the Black and Caspian Seas, primarily encompassing Armenia, Azerbaijan, Georgia, and parts of southern Russia Caucasus
58%
A digital currency designed to work through a computer network that is not reliant on any central authority, such as a government or bank, to uphold or maintain it. Crypto
58%
One of the main monotheistic religions. Christianity
55%
If you have a nice old car, it might be said that your car is a ______. Classic
55%
Thin slices of potato, fried or baked until crunky. Crisp
55%
How Jesus died. Crucifixion
55%
A Roman Emperor around about a hundred years after the above Emperor. He was known to be mad and is said to have made his horse Incitatus Consul. Caligula
53%
1451-1506. Italian. New world. Bad guy. Columbus
53%
Indigenous peoples of the Southeastern Woodlands of the United States. Cherokee
45%
Major ethnic group in Myanmar, often targeted by the Tatmadaw forces. Chin
42%
Similar to imperialism. Colonialism
42%
Prime Minister of the United Kingdom from May 1937 to May 1940. Chamberlain
39%
To set on fire until it becomes ash. Cremate
39%
An English rock band formed in Crawley in 1976 by Robert Smith (vocals, guitar) and Lol Tolhurst (drums). The ____. Cure
39%
🎵 I'm a ______, I'm a wierdo, what the hell am I doing here? I don't belong here 🎵 Creep
37%
You might eat this warm with pie. Custard
37%
Ramzan Akhmatovich Kadyrov is the head of this region. This region went to war with Russia between 1994-96 and again between 1999-2006. chechnya
29%
The latin name for Cat - Felis _____ Catus
21%
Amílcar _____ , a Bissau-Guinean political organizer, and diplomat. He was also a pan-Africanist and intellectual nationalist revolutionary poet. Also known by his nom de guerre Abel Djassi, he was shot dead on 20 January 1973, about eight months before Guinea-Bissau's unilateral declaration of independence. Cabral
3%
No matching quizzes found
Score Distribution
Percent of People with Each Score
Percentile by Number Answered
Your Score History
You have not taken this quiz